00826nam a2200181 i 450000100060000000300090000600500170001500700030003200800410003510000350007624500940011126000910020530000280029650001220032485200340044699900170048095201470049767908ES-MaACL20230906170153.0t|040216s1947 fr ||||1| fre d1 aGallego Díaz, José.95355913aUn Príncipe de la moindre action en économie politique / cpar José Gallego Díaz. a[S.l.] : bLes Editions de la Revue Scientifique, c1947 (eParis : fGautier-Villars) aP. [597]-600 ; c32 cm. aEs separata de: Revue Scientifique. Nos. 3247-3275-1er. et. 15 juin 1947-fasc. 10 de la 85 anuñee. págs. 597-600. aES-MaACLj1869-F-18 bR.24353 c67908d67908 001040708Colección_de_folletosaATENEOMbATENEOMcDEPOFd2008-01-17eSCl0o1869-F-18p1071096r2023-02-23 00:00:00w2023-02-23yFOLLETOS